000 00687nam a2200193 a 4500
001 000041102
005 20201002034624.0
008 130917s1997 sp 000 0 spa d
020 _a8400076877
040 _aDO-SdBNP
_bspa
_cBNPHU
100 1 _aCobo Parra, Pedro
_967635
245 1 0 _aControl activo del ruido :
_bprincipios y aplicaciones /
_cPedro Cobo Parra.
260 _aMadrid :
_bConsejo Superior de Investigaciones Científicas,
_c1997.
300 _a221 p. :
_bil. ;
_c28 cm.
490 1 _aTextos Universitarios
_v26
504 _aBibliografía : p. 217 -221
710 2 _aConsejo Superior de Investigaciones Científicas,v
_967636
830 0 _aTextos Universitarios
_n26
_967637
999 _c40592
_d40592